000 00987cai a22002055a 4500
001 L154817
008 120120s2012 xxk f l f000 0 eng d
035 _a(Sirsi) u154817
041 0 _aeng
110 1 _aUnited Kingdom
_bDepartment for Communities and Local Government
_94939
245 0 0 _aPlanning portal
_bbuilding regulations
_h[electronic resource]
260 _aLondon
_bDCLG
_c2012
520 _aThis part of the DCLG Planning Portal contains information aimed at users with a degree of familiarity with the Building Regulations and the Building Control system. Approved documents, Building policy and legislation, Greener buildings, How to get approval, Determinations and appeals, Good practice guides.
521 2 _aAdvanced
590 _aKA NTK
651 4 _aEngland and Wales
_y1543-
690 _aBuilding regulations
_96224
856 4 0 _uhttps://www.planningportal.gov.uk/buildingregulations/
_zView the portal free of charge at www.planningportal.gov.uk
942 _n0
999 _c113176
_d113176